Missing Word: WWII Movies (A-Z) Quiz Stats

 Plays Quiz Updated Jul 28, 2015

Support Sporcle.
Go Orange.
Score 0/26 Timer 03:00
0 Plays Today
Movie Title Word % Correct
The ____ EscapeGreat
94.2%
A Bridge Too ____Far
91.4%
Letters from Iwo ____Jima
90.9%
The ____ Has LandedEagle
90%
____ BasterdsInglourious
89.8%
The ____ Red LineThin
87.9%
The English ____Patient
86.2%
____ Eagles DareWhere
80.1%
____-571U
78.7%
The ____ DayLongest
71.2%
The ____ Red OneBig
70.9%
Attack Force ____Z
70.1%
____ Silent, ____ DeepRun
69.8%
Movie Title Word % Correct
The ____ MutinyCaine
65.9%
Submarine ____-1X
65.5%
The Guns of ____Navarone
65%
All the ____ MenQueen's
60.8%
Twelve ____ HighO'Clock
56.9%
The ____ MenMonuments
56.8%
____-17Stalag
56%
The ____ LionsYoung
55%
____ HeroesKelly's
46.2%
____ Ryan's ExpressVon
44.3%
The ____ BustersDam
36.6%
____ in the PacificHell
27.6%
Miracle at St. ____Anna
23.9%

Today's Daily Dose

You're not logged in!

Compare scores with friends on all Sporcle quizzes.
OR
Log In

From the Vault

Clickable NBA Alma Maters

by aelmiami

This is where these players got their start.
Remove Ads.
Support Sporcle.
Get the best of Sporcle when you Go Orange. This ad-free experience offers more features, more stats, and more fun while also helping to support Sporcle. Thank you for becoming a member.

Show Comments

Extras

Top Quizzes Today


Score Distribution

Your Account Isn't Verified!

In order to create a playlist on Sporcle, you need to verify the email address you used during registration. Go to your Sporcle Settings to finish the process.

Report this User

Report this user for behavior that violates our Community Guidelines.

Details: